Salzbergwerk Hallstatt Kernverwässerungswerk Grabung 1849. / (Record no. 67623)
[ view plain ]
| 000 -LEADER | |
|---|---|
| fixed length control field | 00593nam a22001937a 4500 |
| 003 - CONTROL NUMBER IDENTIFIER | |
| control field | SEM |
| 005 - DATE AND TIME OF LATEST TRANSACTION | |
| control field | 20220608073942.0 |
| 008 - FIXED-LENGTH DATA ELEMENTS--GENERAL INFORMATION | |
| fixed length control field | 171103b xxu||||| |||| 00| 0 germ d |
| 040 ## - CATALOGING SOURCE | |
| Original cataloging agency | |
| Transcribing agency | |
| 041 0# - LANGUAGE CODE | |
| Language code of text/sound track or separate title | germ. |
| 080 ## - UNIVERSAL DECIMAL CLASSIFICATION NUMBER | |
| Universal Decimal Classification number | 930.26(43.6)/B-27 |
| 100 1# - MAIN ENTRY--PERSONAL NAME | |
| Personal name | Barth Fritz Eckart |
| 245 14 - TITLE STATEMENT | |
| Title | Salzbergwerk Hallstatt Kernverwässerungswerk Grabung 1849. / |
| Statement of responsibility, etc. | F. E. Barth; Salinen Austria |
| 260 ## - PUBLICATION, DISTRIBUTION, ETC. | |
| Place of publication, distribution, etc. | Hallstatt: |
| Name of publisher, distributor, etc. | Musealvereines Hallstatt, |
| Date of publication, distribution, etc. | 1990. |
| 300 ## - PHYSICAL DESCRIPTION | |
| Extent | 32+[48] S.; |
| Other physical details | 3 S. ill.; maps; |
| Dimensions | 21 cm. |
| 650 ## - SUBJECT ADDED ENTRY--TOPICAL TERM | |
| Topical term or geographic name entry element | Archeology |
| Geographic subdivision | Hallstatt |
| 710 2# - ADDED ENTRY--CORPORATE NAME | |
| Corporate name or jurisdiction name as entry element | Salinen Austria |
| 942 ## - ADDED ENTRY ELEMENTS (KOHA) | |
| Source of classification or shelving scheme | Universal Decimal Classification |
| Koha item type | Գրքեր/Books |
| Withdrawn status | Lost status | Source of classification or shelving scheme | Damaged status | Not for loan | Collection code | Home library | Current library | Date acquired | Inventory number | Total Checkouts | Full call number | Barcode | Date last seen | Price effective from | Koha item type | Public note |
|---|---|---|---|---|---|---|---|---|---|---|---|---|---|---|---|---|
| Universal Decimal Classification | Գրապահոց | Մայր Աթոռ Սուրբ Էջմիածին «Վաչե և Թամար Մանուկյան» Մատենադարան | Մայր Աթոռ Սուրբ Էջմիածին «Վաչե և Թամար Մանուկյան» Մատենադարան | 03/11/2017 | Germ-1440 | 930.26(43.6)/B-27 | Germ-1440 | 03/11/2017 | 03/11/2017 | Գրքեր/Books | Սպասարկվում է ընթերցասրահ |